Normal view MARC view

Entry Personal Name

Number of records used in: 2

001 - CONTROL NUMBER

  • control field: 81726

003 - CONTROL NUMBER IDENTIFIER

  • control field: dpl

005 - DATE AND TIME OF LATEST TRANSACTION

  • control field: 20250605144137.0

008 - FIXED-LENGTH DATA ELEMENTS

  • fixed length control field: 250605|| aca||aabn | a|a d

040 ## - CATALOGING SOURCE

  • Original cataloging agency: dpl
  • Transcribing agency: dpl

100 ## - HEADING--PERSONAL NAME

  • Personal name: Gunasekar, J. John

670 ## - SOURCE DATA FOUND

  • Source citation: Work cat.: (dpl)211622: Ramjani, S.A. 81725, Basics of Energy and Environment/, 2022

© Delhi Public Library
Hit Counter
free hit counter